Revista de derecho procesal 2023 - 2 : gestión e innovación en el proceso II. /

Guardado en:
Formato: Libro
Idioma:Spanish
Publicado: Santa Fe : Rubinzal - Culzoni, 2023.
Edición:1a. ed. rev.
Materias:
Etiquetas: Agregar Etiqueta
Sin Etiquetas, Sea el primero en etiquetar este registro!
LEADER 00592nam a22001815a 4500
001 DER.der014949
008 231222s2023####ag#||||||||||||||#||spa||
005 20231222131722.0
245 1 0 |a Revista de derecho procesal 2023 - 2 :  |b gestión e innovación en el proceso II. /  |c Roland Arazi. 
250 |a 1a. ed. rev. 
260 |a Santa Fe :  |b Rubinzal - Culzoni,  |c 2023. 
300 |a 766 p. 
020 |a 9789873048562 
700 1 |a Arazi, Roland.,  |e dir. 
650 7 |a TRANSFORMACION DIGITAL 
650 7 |a CRIPTOACTIVOS 
650 7 |a INTELIGENCIA ARTIFICIAL 
859 |a DERECHO  |b BIB. DERECHO  |h 347.05  |i REV  |p 0010282